Defunct NFL Football Teams - Statistics

General Stats
  • This quiz has been taken 17 times
  • The average score is 20 of 66
Answer Stats
Nickname Team Location Year Founded Year Folded % Correct
Colts Baltimore, Maryland 1950 1950
92%
Texans Dallas, Texas 1952 1952
67%
Bulldogs Boston, Massachusetts 1929 1929
58%
Bulldogs Canton, Ohio 1920 1926
58%
Bulldogs Cleveland, Ohio 1924 1927
58%
Bulldogs New York, New York 1949 1949
58%
Tigers Brooklyn, New York 1944 1944
58%
Tigers Chicago, Illinois 1920 1920
58%
Tigers Cleveland, Ohio 1919 1920
58%
Tigers Columbus, Ohio 1923 1926
58%
Tigers Detroit, Michigan 1921 1921
58%
Dodgers Brooklyn, New York 1930 1944
50%
Indians (Oorang) LaRue, Ohio 1922 1923
50%
Indians Akron, Ohio 1908 1920
50%
Indians Cleveland, Ohio 1921 1922
50%
Indians Cleveland, Ohio 1923 1923
50%
Indians Cleveland, Ohio 1931 1931
50%
Reds Cincinnati, Ohio 1933 1934
50%
Steamrollers Providence, Rhode Island 1925 1931
50%
The Yanks Boston/NewYork 1945 1945
50%
Yanks Boston, Massachusetts 1943 1948
50%
Yanks New York, New York 1950 1951
50%
Lions Brooklyn, New York 1926 1926
42%
Pros Akron, Ohio 1920 1927
42%
Pros Hammond, Indiana 1920 1926
42%
Triangles Dayton, Ohio 1920 1929
42%
Giants New York, New York 1921 1921
33%
Senators Washington, D.C. 1921 1921
33%
Yankees New York, New York 1927 1928
33%
Yellow Jackets Frankford, Philadelphia 1924 1931
33%
Blues Hartford, Connecticut 1926 1926
25%
Blues Kansas City, Missouri 1924 1924
25%
Cowboys Kansas City, Missouri 1925 1926
25%
Maroons Kenosha, Wisconsin 1924 1924
25%
Maroons Pottsville, Pennsylvania 1924 1929
25%
Maroons Toledo, Ohio 1922 1923
25%
All-Americans Buffalo, New York 1920 1923
17%
Badgers Milwaukee, Wisconsin 1922 1926
17%
Bisons Buffalo, New York 1924,1927 1925,1929
17%
Buccaneers Los Angeles, California 1926 1926
17%
Eskimos Duluth, Minnesota 1926 1927
17%
Gunners St. Louis, Missouri 1934 1934
17%
Independents Rock Island, Illinois 1920 1925
17%
Kardex Tonawanda, New York 1921 1921
17%
Legion Racine, Wisconsin 1922 1925
17%
Panthers Detroit, Michigan 1925 1926
17%
Stapletons Staten Island, New York 1915 1931
17%
Wolverines Detroit, Michigan 1928 1928
17%
Colonels Louisville, Kentucky 1926 1926
8%
Crimson Giants Evansville, Indiana 1921 1922
8%
Marines Minneapolis, Minnesota 1921 1928
8%
Rangers Buffalo, New York 1926 1926
8%
Red Jackets Minneapolis, Minnesota 1929 1930
8%
Tornadoes Newark, New Jersey 1930 1930
8%
Tornadoes Orange, New Jersey 1929 1929
8%
Tornadoes Racine, Wisconsin 1926 1926
8%
All-Stars St. Louis, Missouri 1923 1923
0%
Brecks Louisville, Kentucky 1907 1923
0%
Celts Cincinnati, Ohio 1921 1921
0%
Eleven Pottsville, Pennsylvania 1920 1924
0%
Flyers Muncie, Indiana 1920 1921
0%
Heralds Detroit, Michigan 1920 1920
0%
Jeffersons Rochester, New York 1920 1925
0%
Kelleys Duluth, Minnesota 1923 1925
0%
Panhandles Columbus, Ohio 1902 1922
0%
Stapes Staten Island, New York 1932 1935
0%
No matching quizzes found
Score Distribution
Percent of People with Each Score
Percentile by Number Answered
Your Score History
You have not taken this quiz